|
|
|
|
| LEADER |
00924naa a2200325 a 4500 |
| 001 |
000055049 |
| 003 |
SVKKK |
| 005 |
20051215111147.0 |
| 008 |
051215c2005 xo e slo |
| FMT |
|
|
|
| 038 |
|
|
|a SVKKK
|
| 040 |
|
|
|a SVKKK
|b slo
|e AACR2
|
| 041 |
0 |
|
|a slo
|b slo
|
| 044 |
|
|
|a xo
|c SK
|
| 080 |
|
|
|a 620.9:621.791
|2 1997
|
| 080 |
|
|
|a 621.791
|2 1997
|
| 100 |
1 |
|
|a Bošanský, Ján
|4 aut
|
| 245 |
1 |
0 |
|a Príklady opráv energetických zariadení zváraním
|c Ján Bošanský, Vladimír Magula, Jozef Vrbenský
|
| 300 |
|
|
|a Obr., tab.
|
| 504 |
|
|
|a Res. slov.
|
| 650 |
0 |
4 |
|a zariadenia energetické
|x opravy
|x zváranie
|
| 650 |
0 |
4 |
|a zváranie
|
| 700 |
1 |
|
|a Magula, Vladimír
|4 aut
|
| 700 |
1 |
|
|a Vrbenský, Jozef
|4 aut
|
| 773 |
0 |
|
|t Nové informácie zo zlievania a zvárania
|d Nitra : Vydavateľstvo NOI, 2005
|z 80-89088-37-6
|g S. 27-34
|
| 992 |
|
|
|a RZB
|
| BAS |
|
|
|
| 852 |
|
|
|a SVKKK
|b BIB
|
| EXP |
|
|
|
| 998 |
|
|
|a HUT
|